000 01355nam0a22003251 4500
001 rc\3486361
005 20130115140844.2
021 _aRU
_b[69-45140]
035 _a(NLR Aleph) 007647091
090 _a6188531
_c6188531
100 _a20130115d1969 |||y0rusy50 ca
101 0 _arus
102 _aRU
105 _aa z |||||
200 1 _aНормальная и патологическая цитология паренхимы печени
_fАН СССР. Ин-т цитологии
210 _aЛенинград
_cНаука. Ленингр. отд-ние
_d1969
215 _a195 с., 37 л. ил.
_cчерт.
_d27
300 _aНа обороте тит. л. авт.: В.М. Бреслер, Н.А. Черногрядская, Е.М. Пильщик и др.
320 _aБиблиогр.: с. 169-193 (1225 назв.)
606 _aПечень
_xЦитология
_2psbo
606 _aПечень
_xПатологическая цитология
_2psbo
701 1 _aЧерногрядская
_bН. А.
701 1 _aБреслер
_bВ. М.
_gВладимир Михайлович
701 1 _aПильщик
_bЕ. М.
712 0 2 _aИнститут цитологии
_cЛенинград
_3RU\NLR\AUTH\889937117
801 0 _aRU
_bNLR
_gpsbo
801 1 _aRU
_bELAR
_2rusmarc
852 _aNLR
_j69-7/1376
942 _cBOOK
980 _aNB